Tamburlaine The Great (Record no. 39103)
[ view plain ]
| 000 -LEADER | |
|---|---|
| fixed length control field | 00276nam a22001097a 4500 |
| 008 - FIXED-LENGTH DATA ELEMENTS--GENERAL INFORMATION | |
| fixed length control field | 240326b |||||||| |||| 00| 0 eng d |
| 100 ## - MAIN ENTRY--PERSONAL NAME | |
| Personal name | Marlowe, christopher |
| 245 ## - TITLE STATEMENT | |
| Title | Tamburlaine The Great |
| 260 ## - PUBLICATION, DISTRIBUTION, ETC. | |
| Name of publisher | Methan & Co. |
| Year of publication | 1964. |
| Place of publication | London, |
| 300 ## - PHYSICAL DESCRIPTION | |
| Number of Pages | 271p. |
| 942 ## - ADDED ENTRY ELEMENTS (KOHA) | |
| Koha item type | Books |
| Accession Number | Lost status | Damaged status | Price effective from | Koha item type | Not for loan | Withdrawn status | Home library | Current library | Shelving location | Date acquired | Source of acquisition | Cost, normal purchase price |
|---|---|---|---|---|---|---|---|---|---|---|---|---|
| 7767 | 12/29/2022 | Books | Withdrawn | RCL | RCL | General Stacks | 12/29/2022 | DDC | 9.45 | |||
| 7768 | 12/29/2022 | Books | Withdrawn | RCL | RCL | General Stacks | 12/29/2022 | DDC | 9.45 |


